Sports Quiz

Random Sports Quiz

Most Sacked QB's Quiz Stats

Quiz not verified by Sporcle

Challenge
Share
Tweet
Embed
Score 0/20 Timer 06:00
0 Plays Today
Rank-Pass Attempts/Sacked QB % Correct
4-9.197Archie Manning
85.6%
1-8.494David Carr
70.1%
11-9.963Ben Roethlisberger
59.9%
9-9.742Phil Simms
54%
20-10.735Daunte Culpepper
49.7%
3-8.862Randall Cunningham
49.2%
13-10.032Roger Staubach
37.4%
19-10.594Joe Theismann
35.3%
18-10.539Chris Chandler
29.4%
8-9.739Jim Plunkett
27.3%
Rank-Pass Attempts/Sacked QB % Correct
14-10.204Ken O'Brien
24.1%
10-9.910Marc Wilson
17.1%
2-8.710Neil Lomax
15%
7-9.708Steve Bartkowski
14.4%
5-9.269Craig Morton
13.4%
6-9.615Rodney Peete
12.8%
12-10.024Steve Beuerlein
12.3%
15-10.266Rick Mirer
8.6%
17-10.522Lynn Dickey
8.6%
16-10.379Tony Banks
7%

You're not logged in!

Compare scores with friends on all Sporcle quizzes.
Sign Up with Email
OR
Log In

You Might Also Like...

Show Comments

Extras

Top Quizzes Today


Score Distribution

Your Account Isn't Verified!

In order to create a playlist on Sporcle, you need to verify the email address you used during registration. Go to your Sporcle Settings to finish the process.

Report this User

Report this user for behavior that violates our Community Guidelines.

Details: